Сравнение аппаратных реализаций комбинированного метода декодирования на примере кода (17,9); Высокопроизводительные вычислительные системы и технологии; № 1 (8)

書誌詳細
Parent link:Высокопроизводительные вычислительные системы и технологии.— , 2011-
№ 1 (8).— 2018.— [С. 24-28]
第一著者: Рыжова С. Е. Светлана Евгеньевна
団体著者: Национальный исследовательский Томский политехнический университет Инженерная школа информационных технологий и робототехники Отделение информационных технологий
その他の著者: Мыцко Е. А. Евгений Алексеевич
要約:Заглавие с экрана
В данной статье приводятся реализации комбинированного метода декодирования, включающие в себя циклический метод на примере кода (17, 9, 5) двумя возможными способами. Приведен алгоритм декодирования с особенностями для каждой реализации. Проведен сравнительный анализ реализованных декодеров с аналогами, имеющими наиболее близкую длину информационного блока.
This paper describes the implementation of combined decoding method, that includes cyclic decoding method for the code with parameters (17, 9, 5) by two different ways. It describes the features of decoding algorithm for each of implementation. It also has comparative analysis of implemented decoders with analogues, whose has the closer length of information block.
Режим доступа: по договору с организацией-держателем ресурса
言語:ロシア語
出版事項: 2018
主題:
オンライン・アクセス:https://elibrary.ru/item.asp?id=36293103
フォーマット: MixedMaterials 電子媒体 図書の章
KOHA link:https://koha.lib.tpu.ru/cgi-bin/koha/opac-detail.pl?biblionumber=658816

MARC

LEADER 00000naa0a2200000 4500
001 658816
005 20250217122119.0
035 |a (RuTPU)RU\TPU\network\26913 
090 |a 658816 
100 |a 20181127d2018 k||y0rusy50 ca 
101 0 |a rus 
102 |a RU 
135 |a drcn ---uucaa 
181 0 |a i  
182 0 |a b 
200 1 |a Сравнение аппаратных реализаций комбинированного метода декодирования на примере кода (17,9)  |f С. Е. Рыжова, Е. А. Мыцко 
203 |a Текст  |c электронный 
300 |a Заглавие с экрана 
320 |a [Библиогр.: с. 28 (6 назв.)] 
330 |a В данной статье приводятся реализации комбинированного метода декодирования, включающие в себя циклический метод на примере кода (17, 9, 5) двумя возможными способами. Приведен алгоритм декодирования с особенностями для каждой реализации. Проведен сравнительный анализ реализованных декодеров с аналогами, имеющими наиболее близкую длину информационного блока. 
330 |a This paper describes the implementation of combined decoding method, that includes cyclic decoding method for the code with parameters (17, 9, 5) by two different ways. It describes the features of decoding algorithm for each of implementation. It also has comparative analysis of implemented decoders with analogues, whose has the closer length of information block. 
333 |a Режим доступа: по договору с организацией-держателем ресурса 
461 1 |t Высокопроизводительные вычислительные системы и технологии  |d 2011- 
463 1 |t № 1 (8)  |v [С. 24-28]  |d 2018 
610 1 |a электронный ресурс 
610 1 |a труды учёных ТПУ 
610 1 |a коды 
610 1 |a коррекции 
610 1 |a коды Рида-Соломона 
610 1 |a циклические методы 
610 1 |a декодирование 
610 1 |a ПЛИС 
610 1 |a аппаратная реализация 
700 1 |a Рыжова  |b С. Е.  |c специалист в области информатики и вычислительной техники  |c программист Томского политехнического университета  |f 1993-  |g Светлана Евгеньевна  |3 (RuTPU)RU\TPU\pers\37087 
701 1 |a Мыцко  |b Е. А.  |c специалист в области информатики и вычислительной техники  |c программист Томского политехнического университета  |f 1991-  |g Евгений Алексеевич  |3 (RuTPU)RU\TPU\pers\32945  |9 16793 
712 0 2 |a Национальный исследовательский Томский политехнический университет  |b Инженерная школа информационных технологий и робототехники  |b Отделение информационных технологий  |3 (RuTPU)RU\TPU\col\23515 
801 2 |a RU  |b 63413507  |c 20181127  |g RCR 
856 4 |u https://elibrary.ru/item.asp?id=36293103 
942 |c CF